| 000 | 00367nam a22001337a 4500 | ||
|---|---|---|---|
| 020 | _qPB. | ||
| 040 | _cFIZZA ISHAQ | ||
| 082 |
_a965.046 _bMOR |
||
| 100 |
_a Morgan , Ted. _9133914 |
||
| 245 |
_aMy Battle of Algiers: A Memoir / _c Ted Morgan. |
||
| 260 |
_a New York: _b Harper Perennial, _c2005. |
||
| 300 |
_a284 P. ; _c5.31 x 0.76 x 8 inches |
||
| 942 |
_2ddc _cBK |
||
| 999 |
_c616863 _d616863 |
||